Maryland Former and Current Municipalities - Statistics

General Stats
  • This quiz has been taken 5 times
  • The average score is 43 of 668
Answer Stats
Municipality % Correct
Baltimore
100%
Annapolis
80%
Bethesda
80%
Cumberland
80%
Hagerstown
80%
Silver Spring
80%
Bel Air
60%
Chevy Chase
60%
Columbia
60%
Dundalk
60%
Elkton
60%
Frederick
60%
Hyattsville
60%
Laurel
60%
Ocean
60%
Ocean City
60%
Potomac
60%
Salisbury
60%
Towson
60%
Accident
40%
Bladensburg
40%
Bowie
40%
California
40%
Cambridge
40%
Clarksburg
40%
Clarksville
40%
Easton
40%
Forest Glen
40%
Gaithersburg
40%
Glenmont
40%
Greenbelt
40%
Havre de Grace
40%
Kensington
40%
Landover
40%
Largo
40%
Linthicum
40%
National
40%
National Harbor
40%
New Carrollton
40%
North Bethesda
40%
Oakland
40%
Pocomoke City
40%
Poolesville
40%
Prince Frederick
40%
Queen Anne
40%
Queenstown
40%
Rockville
40%
Suitland
40%
Takoma Park
40%
Thurmont
40%
Upper Marlboro
40%
Adelphi
20%
Altamont
20%
Aspen Hill
20%
Beltsville
20%
Berlin
20%
Burtonsville
20%
Cabin John
20%
Calvert
20%
Calverton
20%
Catonsville
20%
Chesapeake Beach
20%
Chesapeake City
20%
Cheverly
20%
Chevy Chase Village
20%
Clarkson
20%
Clinton
20%
Cockeysville
20%
College Park
20%
Crofton
20%
Croom
20%
Darnestown
20%
Deale
20%
Denton
20%
Derwood
20%
Ellicott City
20%
Essex
20%
Friendship
20%
Friendsville
20%
Frostburg
20%
Gambrills
20%
Garrett Park
20%
Georgetown
20%
Germantown
20%
Glen Burnie
20%
Grantsville
20%
Jessup
20%
Joppatowne
20%
Lake
20%
Lanham
20%
Montgomery Village
20%
Newark
20%
North Chevy Chase
20%
North East
20%
North Laurel
20%
North Potomac
20%
Ocean Pines
20%
Olney
20%
Oxon Hill
20%
Parkville
20%
Parole
20%
Pasadena
20%
Perryville
20%
Pikesville
20%
Point of Rocks
20%
Port Deposit
20%
Princess Anne
20%
Savage
20%
Snow Hill
20%
South Laurel
20%
Travilah
20%
Waldorf
20%
Washington Grove
20%
Westminster
20%
Wheaton
20%
White Oak
20%
Aberdeen
0%
Aberdeen Proving Ground
0%
Abingdon
0%
Accokeek
0%
Adamstown
0%
Algonquin
0%
Allen
0%
Andrews AFB
0%
Annapolis Neck
0%
Antietam
0%
Aquasco
0%
Arbutus
0%
Arden on the Severn
0%
Ardmore
0%
Arnold
0%
Ashton-Sandy Spring
0%
Avondale
0%
Baden
0%
Bagtown
0%
Bakersville
0%
Baldwin
0%
Ballenger Creek
0%
Baltimore Highlands
0%
Barclay
0%
Barnesville
0%
Barrelville
0%
Barstow
0%
Barton
0%
Bartonsville
0%
Beaver Creek
0%
Bel Air North
0%
Bel Air South
0%
Bellevue
0%
Benedict
0%
Benson
0%
Bensville
0%
Berwyn Heights
0%
Betterton
0%
Bier
0%
Big Pool
0%
Big Spring
0%
Bishop
0%
Bishopville
0%
Bivalve
0%
Blooming Rose
0%
Bloomington
0%
Boonsboro
0%
Bowleys Quarters
0%
Bowling Green
0%
Bowmans Addition
0%
Braddock Heights
0%
Bradshaw
0%
Brandywine
0%
Breathedsville
0%
Brentwood
0%
Brinklow
0%
Bristol
0%
Broad Creek
0%
Brock Hall
0%
Brookeville
0%
Brooklyn Park
0%
Brookmont
0%
Brookview
0%
Broomes Island
0%
Brown Station
0%
Brownsville
0%
Brunswick
0%
Bryans Road
0%
Bryantown
0%
Buckeystown
0%
Burkittsville
0%
Burnt Mills
0%
Butler
0%
Butlertown
0%
Callaway
0%
Calvert Beach
0%
Camp Springs
0%
Cape St. Claire
0%
Capitol Heights
0%
Cardiff
0%
Carlos
0%
Carney
0%
Castleton
0%
Cavetown
0%
Cearfoss
0%
Cecilton
0%
Cedar Heights
0%
Cedarville
0%
Centreville
0%
Chance
0%
Charlestown
0%
Charlotte Hall
0%
Charlton
0%
Chase
0%
Chesapeake Ranch Estates
0%
Chespeake
0%
Chester
0%
Chestertown
0%
Chevy Chase Section Five
0%
Chevy Chase Section Three
0%
Chevy Chase View
0%
Chewsville
0%
Chillum
0%
Choptank
0%
Church Creek
0%
Church Hill
0%
Clarysville
0%
Clear Spring
0%
Clements
0%
Cloverly
0%
Cobb Island
0%
Colesville
0%
Colmar Manor
0%
Coral Hills
0%
Cordova
0%
Corriganville
0%
Cottage City
0%
Crellin
0%
Cresaptown
0%
Creswell
0%
Crisfield
0%
Crownsville
0%
Crumpton
0%
Damascus
0%
Dames Quarter
0%
Daniels
0%
Danville
0%
Dargan
0%
Darlington
0%
Davis
0%
Dawson
0%
Dawsonville
0%
Deal Island
0%
Deer Park
0%
Delmar
0%
Detmold
0%
District Heights
0%
Dodson
0%
Dorsey
0%
Downsville
0%
Drum Point
0%
Dublin
0%
Dunkirk
0%
Eagle Harbor
0%
Eakles Mill
0%
East New Market
0%
East Riverdale
0%
Eckhart Mines
0%
Eden
0%
Edesville
0%
Edgemere
0%
Edgemont
0%
Edgewater
0%
Edgewood
0%
Edmonston
0%
Eldersburg
0%
Eldorado
0%
Elkridge
0%
Ellerslie
0%
Elliott
0%
Emmitsburg
0%
Ernstville
0%
Ewell
0%
Fairhaven
0%
Fairland
0%
Fairlee
0%
Fairmount
0%
Fairmount Heights
0%
Fairplay
0%
Fairview
0%
Fairwood
0%
Fallston
0%
Federalsburg
0%
Ferndale
0%
Finzel
0%
Fishing Creek
0%
Flintstone
0%
Flower Hill
0%
Forest Heights
0%
Forest Hill
0%
Forestville
0%
Fort Meade
0%
Fort Ritchie
0%
Fort Washington
0%
Fountainhead-Orchard Hills
0%
Four Corners
0%
Franklin
0%
Frankville
0%
Frenchtown-Rumbly
0%
Friendly
0%
Friendship Heights Village
0%
Fruitland
0%
Fullerton
0%
Fulton
0%
Funkstown
0%
Galena
0%
Galestown
0%
Galesville
0%
Gapland
0%
Garretts Mill
0%
Garrison
0%
Gilmore
0%
Girdletree
0%
Glassmanor
0%
Glenarden
0%
Glencoe
0%
Glen Echo
0%
Glenn Dale
0%
Golden Beach
0%
Goldsboro
0%
Gorman
0%
Graceham
0%
Grahamtown
0%
Grasonville
0%
Greensboro
0%
Greensburg
0%
Green Valley
0%
Guilford
0%
Halfway
0%
Hampstead
0%
Hampton
0%
Hancock
0%
Harmony Grove
0%
Harrisville
0%
Harwood
0%
Hebron
0%
Henderson
0%
Herald Harbor
0%
Highfield-Cascade
0%
Highland
0%
Highland Beach
0%
Hillandale
0%
Hillcrest Heights
0%
Hillsboro
0%
Hillsborough
0%
Honeygo
0%
Hopewell
0%
Hughesville
0%
Huntingtown
0%
Hurlock
0%
Hutton
0%
Ilchester
0%
Indian Head
0%
Indian Springs
0%
Jacksonville
0%
Jarrettsville
0%
Jefferson
0%
Jennings
0%
Jesterville
0%
Johnstown
0%
Jugtown
0%
Keedysville
0%
Kemp Mill
0%
Kemps Mill
0%
Kempton
0%
Kendall
0%
Kennedyville
0%
Kent Narrows
0%
Kettering
0%
Kingston
0%
Kingstown
0%
Kingsville
0%
Kitzmiller
0%
Klondike
0%
Knoxville
0%
Konterra
0%
Lake Arbor
0%
Lake Shore
0%
Landover Hills
0%
Langford
0%
Langley Park
0%
Lansdowne
0%
Lapidum
0%
La Plata
0%
La Vale
0%
Layhill
0%
Laytonsville
0%
Leisure World
0%
Leitersburg
0%
Leonardtown
0%
Lewistown
0%
Lexington Park
0%
Libertytown
0%
Linganore
0%
Lisbon
0%
Little Orleans
0%
Lloyds
0%
Lochearn
0%
Loch Lynn Heights
0%
Lonaconing
0%
Long Beach
0%
Lothian
0%
Luke
0%
Lusby
0%
Lutherville
0%
Lynch
0%
Maddox
0%
Madison
0%
Manchester
0%
Mapleville
0%
Mardela Springs
0%
Marion Station
0%
Marlboro Meadows
0%
Marlboro Village
0%
Marlow Heights
0%
Marlton
0%
Martin's Additions
0%
Marydel
0%
Maryland City
0%
Maryland Park
0%
Maugansville
0%
Mayo
0%
Mays Chapel
0%
McCoole
0%
McHenry
0%
Meadows
0%
Mechanicsville
0%
Melrose
0%
Melwood
0%
Mercersville
0%
Mexico
0%
Middleburg
0%
Middle River
0%
Middletown
0%
Midland
0%
Midlothian
0%
Milford Mill
0%
Millington
0%
Mitchellville
0%
Monkton
0%
Monocacy
0%
Monrovia
0%
Morgantown
0%
Morningside
0%
Moscow
0%
Mount Aetna
0%
Mountain Lake Park
0%
Mount Airy
0%
Mount Briar
0%
Mount Lena
0%
Mount Pleasant
0%
Mount Rainier
0%
Mount Savage
0%
Mount Vernon
0%
Mount Victoria
0%
Muirkirk
0%
Myersville
0%
Nanticoke
0%
Nanticoke Acres
0%
Naval Academy
0%
Newcomb
0%
New London
0%
New Market
0%
New Mexico
0%
Newport
0%
New Windsor
0%
Nikep
0%
North Beach
0%
North Brentwood
0%
North Kensington
0%
Oakley
0%
Oakwood
0%
Odenton
0%
Oldtown
0%
Oregon
0%
Overlea
0%
Owings
0%
Owings Mills
0%
Oxford
0%
Paramount-Long Meadow
0%
Park Hall
0%
Parsonsburg
0%
Pecktonville
0%
Peppermill Village
0%
Perry Hall
0%
Perryman
0%
Pinesburg
0%
Piney Point
0%
Pisgah
0%
Pittsville
0%
Pleasant Grove
0%
Pleasant Hills
0%
Pomfret
0%
Pondsville
0%
Port Tobacco Village
0%
Potomac Heights
0%
Potomac Park
0%
Powellville
0%
Preston
0%
Pylesville
0%
Quantico
0%
Queensland
0%
Randallstown
0%
Rawlings
0%
Redland
0%
Reid
0%
Reisterstown
0%
Ridgely
0%
Ringgold
0%
Ripley
0%
Rising Sun
0%
Rison
0%
Riva
0%
Riverdale
0%
Riverdale Park
0%
Riverside
0%
Riviera Beach
0%
Robinwood
0%
Rock Hall
0%
Rock Point
0%
Rohrersville
0%
Romancoke
0%
Rosaryville
0%
Rosedale
0%
Rosemont
0%
Rossville
0%
Royal Oak
0%
Sabillasville
0%
Sandy Hook
0%
Sandy Spring
0%
San Mar
0%
Scaggsville
0%
Seabrook
0%
Seat Pleasant
0%
Secretary
0%
Selbysport
0%
Severn
0%
Severna Park
0%
Shady Side
0%
Shaft
0%
Shallmar
0%
Sharpsburg
0%
Sharptown
0%
Sherwood
0%
Silver Hill
0%
Simpsonville
0%
Sinepuxent
0%
Skidmore
0%
Skipnish
0%
Smith Island
0%
Smithsburg
0%
Solomons
0%
Somerset
0%
South Kensington
0%
South River
0%
Sparks
0%
Spencerville
0%
Spielman
0%
Springdale
0%
Spring Gap
0%
Spring Ridge
0%
St. Augustine
0%
Stevenson
0%
Stevensville
0%
St. George Island
0%
Still Pond
0%
St. James
0%
St. Leonard
0%
St. Michaels
0%
Stockton
0%
Sudlersville
0%
Summerfield
0%
Swanton
0%
Sykesville
0%
Tall Timbers
0%
Taneytown
0%
Tantallon
0%
Taylor
0%
Taylors Island
0%
Taylorsville
0%
Temple Hills
0%
Templeville
0%
Ten Mile Creek
0%
Thomas
0%
Tilghman Island
0%
Tilghmanton
0%
Timonium
0%
Tolchester
0%
Trappe
0%
Trego-Rohrersville Station
0%
Tuscarora
0%
Tyaskin
0%
Union Bridge
0%
Uniontown
0%
University Park
0%
Urbana
0%
Utica
0%
Vale Summit
0%
Vienna
0%
Vindex
0%
Wagner's Point
0%
Walker Mill
0%
Walkersville
0%
Wallman
0%
Waterview
0%
West Denton
0%
Westernport
0%
West Laurel
0%
Westphalia
0%
West Pocomoke
0%
Whaleyville
0%
Whitehaven
0%
White Marsh
0%
White Plains
0%
Wildewood
0%
Willards
0%
Williamsburg
0%
Williamsport
0%
Williston
0%
Wilson
0%
Wilson-Conococheague
0%
Woodland
0%
Woodlawn
0%
Woodmore
0%
Woodsboro
0%
Woolford
0%
Worton
0%
Yarrowsburg
0%
Zihlman
0%
No matching quizzes found
Score Distribution
Percent of People with Each Score
Percentile by Number Answered
Your Score History
You have not taken this quiz